Ekológia a cestovný ruch bakalárska práca

Salvato in:
Dettagli Bibliografici
Autore principale: Vrablecová, Lucia
Ente Autore: Obchodná fakulta EU. Katedra informatiky obchodných firiem
Altri autori: Mlynčár, Vladislav, 1962-
Natura: Libro
Lingua:slovacco
Pubblicazione: Bratislava 2012
Tags: Aggiungi Tag
Nessun Tag, puoi essere il primo ad aggiungerne!!

MARC

LEADER 00000nbm a2200000 4500
001 0154501
005 20161109111849.0
041 0 |a slo 
044 |a SK 
245 1 0 |a Ekológia a cestovný ruch  |b bakalárska práca  |c Lucia Vrablecová ; školiteľ: Vladislav Mlynčár 
264 1 |a Bratislava  |c 2012 
300 |a 73 s. 
100 1 |a Vrablecová, Lucia 
700 1 |a Mlynčár, Vladislav, 1962- 
710 2 |a Obchodná fakulta EU. Katedra informatiky obchodných firiem